000 00783cab a2200229 4500
001 WB2943-13
008 090401t1993 xxu||||| |||| 00| 0 eng d
035 _a(Sirsi) u71939
041 _aeng
245 _aDisposals by quango praised
260 _c1993
350 _a0
490 _aFinancial Times
_v17 November 1993, 14
490 _aDaily Telegraph
_v17 November 1993, 11(1)
520 _aThe National Audit Office finds that English Estates sale of 266 factories, offices and workshops between April 1990 and March 1993 realised £158m, a figure generally in line with pre-sale valuations.
650 _aASSET VALUATIONS
650 _aENGLISH ESTATES
650 _aPROPERTY PORTFOLIO
690 _aPROPERTY-COMMERCIAL PROPERTY
942 _n0
948 _c04/03/1997
999 _c45376
_d45376